Pointe Aux-Coques

Gespeichert in:
Bibliographische Detailangaben
1. Verfasser: Maillet, Antonine
Format: Buch
Sprache:French
Veröffentlicht: Ottawa, Canadá Leméac 1977
Schlagworte:
Tags: Tag hinzufügen
Keine Tags, Fügen Sie den ersten Tag hinzu!

MARC

LEADER 00000nam a2200000Ia 4500
008 170316s9999 xx 000 0 fre d
040 |a cru BVZT 
090 |a 818 M-5po 
100 |a Maillet, Antonine 
245 |a Pointe Aux-Coques 
260 |a Ottawa, Canadá 
260 |b Leméac 
260 |c 1977 
300 |a 277 páginas 
650 |a LITERATURA CANADIENSE 
999 |c 6587  |d 6587 
942 |c 15 D  |h 818 M-5po  |2 z